Southville International School and Colleges
Your cart is empty.
  • Cart
  • Lists
    Public lists Eva Luna New books Lux_list list_1
    Your lists Log in to create your own lists
  • Log in to your account
  • Your cookies
  • Search history
Southville International School and Colleges
  • Advanced search
  • Recent comments
  • Most popular
  • Libraries

Log in to your account

Log in with GOOGLE


If you do not have an external account, but do have a local account, you can still log in:

  1. Home
  2. MARC view: Children of the ever-changing moon :
Normal view MARC view ISBD view

Children of the ever-changing moon : (Record no. 345343)

[ view plain ]
MARC details
000 -LEADER
fixed length control field 00768nam a2200265Ia 4500
008 - FIXED-LENGTH DATA ELEMENTS--GENERAL INFORMATION
fixed length control field 171120s9999 xx 000 0 und d
020 ## - INTERNATIONAL STANDARD BOOK NUMBER
International Standard Book Number 9.7897127195e+012
050 ## - LIBRARY OF CONGRESS CALL NUMBER
Classification number 899.21
050 ## - LIBRARY OF CONGRESS CALL NUMBER
Item number C536 2007
245 ## - TITLE STATEMENT
Title Children of the ever-changing moon :
245 ## - TITLE STATEMENT
Remainder of title essays by young moro writers /
245 ## - TITLE STATEMENT
Statement of responsibility, etc essays by Young Moro Writers ; edited by Gutierrez Mangansakan II.
260 ## - PUBLICATION, DISTRIBUTION, ETC. (IMPRINT)
Place of publication, distribution, etc Philippines :
260 ## - PUBLICATION, DISTRIBUTION, ETC. (IMPRINT)
Name of publisher, distributor, etc Anvil,
260 ## - PUBLICATION, DISTRIBUTION, ETC. (IMPRINT)
Date of publication, distribution, etc 2007
300 ## - PHYSICAL DESCRIPTION
Extent 119 pages :
300 ## - PHYSICAL DESCRIPTION
Other physical details illustrations ;
300 ## - PHYSICAL DESCRIPTION
Dimensions 20cm.
650 ## - SUBJECT ADDED ENTRY--TOPICAL TERM
Topical term or geographic name as entry element Muslim --
650 ## - SUBJECT ADDED ENTRY--TOPICAL TERM
Topical term or geographic name as entry element Muslim authors.
650 ## - SUBJECT ADDED ENTRY--TOPICAL TERM
Topical term or geographic name as entry element Philippine essays (English).
650 ## - SUBJECT ADDED ENTRY--TOPICAL TERM
General subdivision Philippines -- Social life and customs.
700 ## - ADDED ENTRY--PERSONAL NAME
Personal name Mangansakan, Gutierrez.
700 ## - ADDED ENTRY--PERSONAL NAME
Personal name Young Moro Writers.
Holdings
Withdrawn status Lost status Damaged status Home library Current library Date acquired Total Checkouts Full call number Barcode Date last seen Price effective from Koha item type
      Stonyhurst Southville International School (Malarayat) Stonyhurst Southville International School (Malarayat) 11/20/2017   FIL 899.21 C536 2007 SSISM4387 11/20/2017 11/20/2017 Books

Children of the ever-changing moon :

APA

Mangansakan G., Young Moro Writers, .Children of the ever-changing moon. Philippines: .

Chicago

Mangansakan Gutierrez, Young Moro Writers, .Children of the ever-changing moon. Philippines: .

Harvard

Mangansakan G., Young Moro Writers, .Children of the ever-changing moon. Philippines: .

MLA

Mangansakan Gutierrez, Young Moro Writers, .Philippines: . .

  • Place hold
  • Print
  • Cite
  • Add to your cart (remove)
  • Save record
    BIBTEX Dublin Core MARCXML MARC (non-Unicode/MARC-8) MARC (Unicode/UTF-8) MARC (Unicode/UTF-8, Standard) MODS (XML) RIS
  • More searches
    Search for this title in:
    Other Libraries (WorldCat) Other Databases (Google Scholar) Online Stores (Bookfinder.com) Open Library (openlibrary.org)

Exporting to Dublin Core...

SOUTHVILLE LIBRARY

Southville International School and Colleges Library

1281 Tropical Ave. Cor. Luxembourg St., BF Homes International, Las Pinas City

Tel. No. 8256374 / 252358 Loc. 117/146

Powered by Koha